000 01180nam a2200253Ii 4500
008 221202s xx 000 0 und d
245 0 _aAbbott's Gambit :
_b The 2013 Australian Federal Election
264 _bANU Press
_c2015
300 _a1 online resource (436 pages)
336 _atext
_btxt
_2rdacontent
337 _acomputer
_bc
_2rdamedia
338 _aonline resource
_bcr
_2rdacarrier
520 _aThis book provides a truly comprehensive analysis of the 2013 federal election in Australia, which brought the conservative Abbott government to power, consigned the fractious Labor Party to the Opposition benches and ended the 'hung parliament' experiment of 2010:13 in which the Greens and three independents lent their support to form a minority Labor government.
653 _aAustralia
653 _aKevin Rudd
653 _aPolitics
653 _aTony Abbott
653 _aVoting
700 1 _aJohnson, Carol
700 1 _aLee, Hsu-Ann
700 1 _aWanna, John
856 _uhttps://docs.google.com/spreadsheets/d/1yKIrdCPDAG_9c22mwoOIO2DOhtj65Wqa/edit?usp=sharing&ouid=106555315294820607512&rtpof=true&sd=true
_yList of Curated E-Books
942 _cE-BOOK
999 _c91409
_d91406